[Event "India rating op"]
[Site "India"]
[Date "2019.02.03"]
[Round "2"]
[White "Bagwe, Suneet"]
[Black "Dixit, Nikhil"]
[Result "0-1"]
[WhiteElo "1305"]
[BlackElo "2050"]
[PlyCount "115"]
[EventDate "2019.02.03"]
[EventType "swiss"]
[EventRounds "11"]
[EventCountry "IND"]
[SourceTitle "EXT 2021"]
[Source "ChessBase"]
[SourceDate "2020.10.23"]
[SourceVersion "1"]
[SourceVersionDate "2020.10.23"]
[SourceQuality "1"]

1. e4 g6 2. d4 Bg7 3. Be3 c5 4. c3 cxd4 5. cxd4 d6 6. Nc3 Nf6 7. Qd2 0-0 8. Nf3 Nc6 9. Bc4 Bg4 10. h3 Bxf3 11. gxf3 Rc8 12. Bb3 Na5 13. f4 Nxb3 14. axb3 a6 15. f5 Qd7 16. fxg6 fxg6 17. Na4 Qb5 18. Nc3 Qxb3 19. Ra3 Qc4 20. Ra4 Qc7 21. Rg1 b5 22. Rxa6 b4 23. Ne2 Nxe4 24. Qd3 Nf6 25. Ng3 Ra8 26. Rxa8 Rxa8 27. Ke2 Rc8 28. Rc1 Qb7 29. Rxc8+ Qxc8 30. b3 Kf8 31. Kd2 Qc7 32. Qc4 Qxc4 33. bxc4 Kf7 34. Kc2 e5 35. d5 h5 36. Kb3 h4 37. Ne2 Nh5 38. Kxb4 Bf8 39. Bg5 Be7 40. Bxe7 Kxe7 41. Kb5 Kd7 42. c5 dxc5 43. Kxc5 g5 44. d6 g4 45. Ng1 Nf4 46. hxg4 h3 47. Nf3 e4 48. Nh2 Nd3+ 49. Kd5 Nxf2 50. g5 e3 51. g6 e2 52. g7 e1Q 53. g8Q Qe4+ 54. Kc5 Qe5+ 55. Kc4 Qe4+ 56. Kc5 Nd3+ 57. Kb6 Qb4+ 58. Ka7 0-1

[Event "Kalyan op 2nd"]
[Site "Kalyan"]
[Date "2019.02.02"]
[Round "8"]
[White "Pingale, Shivraj Jaywant"]
[Black "Bagwe, Suneet"]
[Result "0-1"]
[WhiteElo "1580"]
[BlackElo "1305"]
[PlyCount "54"]
[EventDate "2019.01.29"]
[EventType "swiss"]
[EventRounds "10"]
[EventCountry "IND"]
[SourceTitle "CBM 188 Extra"]
[Source "ChessBase"]
[SourceDate "2019.02.26"]
[SourceVersion "1"]
[SourceVersionDate "2019.02.26"]
[SourceQuality "1"]

1. e4 c5 2. Nf3 e6 3. d4 cxd4 4. Nxd4 a6 5. Nc3 Qc7 6. Bd3 Nf6 7. 0-0 Bc5 8. Nb3 Be7 9. Be3 b5 10. f4 d6 11. e5 Nfd7 12. exd6 Bxd6 13. Be4 Nc6 14. Nd4 Nxd4 15. Bxa8 Nf5 16. Bd2 Bc5+ 17. Kh1 Nb6 18. Be4 0-0 19. Bxf5 exf5 20. Qf3 Bb7 21. Qg3 Nc4 22. Bc1 Re8 23. h3 Qc6 24. Nd1 Re6 25. Nf2 Rg6 26. Ng4 fxg4 27. f5 gxh3 0-1

[Event "Kalyan op 2nd"]
[Site "Kalyan"]
[Date "2019.01.31"]
[Round "5"]
[White "Bagwe, Suneet"]
[Black "Govind, Prabhu Mah"]
[Result "0-1"]
[WhiteElo "1305"]
[BlackElo "1601"]
[PlyCount "102"]
[EventDate "2019.01.29"]
[EventType "swiss"]
[EventRounds "10"]
[EventCountry "IND"]
[SourceTitle "CBM 188 Extra"]
[Source "ChessBase"]
[SourceDate "2019.02.26"]
[SourceVersion "1"]
[SourceVersionDate "2019.02.26"]
[SourceQuality "1"]

1. e4 e6 2. d4 d5 3. Nd2 Nf6 4. e5 Nfd7 5. Bd3 c5 6. c3 Nc6 7. Ne2 cxd4 8. cxd4 Qb6 9. Nf3 f6 10. exf6 Nxf6 11. 0-0 Bd6 12. b3 0-0 13. Bb2 Ng4 14. h3 Rxf3 15. gxf3 Nh2 16. f4 Nxf1 17. Qxf1 Bd7 18. Qg2 Rf8 19. f5 Qd8 20. Kh1 Qf6 21. Rg1 exf5 22. Qxd5+ Kh8 23. Qg2 Nb4 24. Bb1 Bc6 25. d5 Qxb2 26. dxc6 Nxc6 27. Ng3 g6 28. h4 Qd4 29. h5 Qh4+ 30. Qh2 Qxh2+ 31. Kxh2 Bxg3+ 32. Kxg3 Kg7 33. Kf4 Kf6 34. hxg6 hxg6 35. a3 Rd8 36. Ke3 g5 37. f3 Re8+ 38. Kf2 Nd4 39. Re1 Rxe1 40. Kxe1 Nxf3+ 41. Kf2 Nd4 42. b4 f4 43. Be4 b6 44. a4 g4 45. a5 b5 46. Bd3 Ke5 47. Kg2 a6 48. Kf2 Nc6 49. Be2 g3+ 50. Kg2 Nxb4 51. Bf3 Nd5 0-1